| 000 | 01082cas a2200289 a 4500 | ||
|---|---|---|---|
| 001 | 10559790 | ||
| 003 | ASAB | ||
| 005 | 20180827062635.0 | ||
| 008 | 960531d19952001ne x m s 0 0eng | ||
| 020 | _a978-93-83101-32-0 | ||
| 035 | _a(WaSeSS)ssj0058908 | ||
| 040 |
_aDNAL _cASAB _dOCoLC _dNLGGC _dICU _dOCoLC _dWaSeSS |
||
| 130 | 0 |
_aHandbook of biological physics (Online) _91842 |
|
| 210 | 1 | 0 | _aHandbook of biological physics |
| 210 | 0 | _aHandb. biol. phys. | |
| 222 | 0 | _aHandbook of biological physics | |
| 245 | 1 | 0 |
_aHandbook of biological physics _cS.G. Sandhu |
| 260 |
_aJaipur ; _adelhi : _bagrotech press, _c2014. |
||
| 300 |
_a272 p.: _bill. ; _c25 cm. |
||
| 650 | 0 |
_aBiophysics. _91843 |
|
| 650 | 1 | 7 |
_aBiofysica. _2gtt _91844 |
| 655 | 0 |
_aElectronic journals. _91845 |
|
| 776 | 1 |
_tHandbook of biological physics _x1383-8121 _w(DLC)sn 96015249 |
|
| 856 | 4 | 0 |
_uhttp://www.columbia.edu/cgi-bin/cul/resolve?clio10559790 _zFull text available from eBook - Biochemistry, Genetics and Molecular Biology 1995 - 2006 [EBCBGMB06]: 1995 to 2001 |
| 942 |
_2ddc _cBK |
||
| 999 |
_c480102 _d480102 |
||